=LDR 00000nam 2200000 4500 =001 INLIS000000000006378 =005 20251107111603 =035 ##$$a 0010-1125000252 =007 ta =008 251107###########################0#eng## =082 ##$$a 306.85 =084 ##$$a 306.85 ROG t =100 #$$a Roger Burnel =245 1#$$a The Global Family Policy : $b - /$c Roger Burnel ; The International Union Of Family Organisations =260 ##$$a Paris :$b UNAF =300 ##$$a 22 hal : $b ilus ; $c 21 cm =650 #4$$a Keluarga Berencana =710 #$$a The International Union Of Family Organisations =856 ##$$a Perpustakaan Kemendukbangga